000
00320 a2200109 4500
001
ART_10431
005
20260410161848.0
008
260409a
245
1
0
_a
Políticas de estabilización económica
100
1
_a
Mantel, Rolf R.
773
0
_t
Económica
_g
- Año XVII, Nº2 (may./ago. 1971)
_w
REV7541
999
_c
24743
_d
24743